| 000 | 00786nam a2200253Ia 4500 | ||
|---|---|---|---|
| 008 | 160803s9999 xx 000 0 und d | ||
| 020 | _a0 439389909 | ||
| 100 | _aBridwell, Norman | ||
| 245 | _aWinter ice is nice / | ||
| 245 | _cadapted by Bob Barkly from the television script "That's snow lie" by Scott Guy ; illustrated by Carolyn Bracken & Ken Edwards. | ||
| 260 | _aNew York : | ||
| 260 | _bScholastic Inc. | ||
| 260 | _c2002 | ||
| 300 | _a31 unnumbered pages : | ||
| 300 | _bcolor illustrations ; | ||
| 300 | _c23 cm. | ||
| 440 | _aBig Red Reader. | ||
| 500 | _a"Based on the Scholastic book series 'Clifford the Big Red Dog' by Norman Bridwell." | ||
| 650 | _aDogs -- | ||
| 650 | _aSnow -- | ||
| 650 | _xFiction. | ||
| 650 | _xFiction. | ||
| 700 | _aBR | ||
| 999 |
_c299246 _d299246 |
||